Boletín Oficial de la Provincia de Navarra (Registro nro. 160134)
[ vista simple ]
| 000 -LEADER | |
|---|---|
| fixed length control field | 00879ny a22002653n 4500 |
| 008 - FIXED-LENGTH DATA ELEMENTS--GENERAL INFORMATION | |
| fixed length control field | 100311d19969999sp ir p s0 b spa d |
| 022 ## - | |
| -- | 1130-5878 |
| 035 ## - | |
| -- | 298 |
| 040 ## - CATALOGING SOURCE | |
| Original cataloging agency | UZ.GRL |
| Modifying agency | vLex |
| 080 ## - | |
| -- | (051)35(460.16) |
| 080 ## - | |
| -- | 35(460.16)(051) |
| 090 ## - | |
| -- | 1669 |
| -- | 1669 |
| 245 30 - TITLE STATEMENT | |
| Title | Boletín Oficial de la Provincia de Navarra |
| Medium | [Recurso electrónico] |
| 256 ## - | |
| -- | Servicio en línea |
| 260 ## - PUBLICATION, DISTRIBUTION, ETC. (IMPRINT) | |
| Place of publication, distribution, etc | Pamplona : |
| Name of publisher, distributor, etc | Diputación Provincial de Navarra |
| 310 ## - | |
| -- | Trisemanal |
| 550 ## - ISSUING BODY NOTE | |
| Issuing body note | Varía nombre editor: Diputación Foral de Navarra |
| 650 04 - SUBJECT ADDED ENTRY--TOPICAL TERM | |
| Topical term or geographic name as entry element | Administración local |
| Geographic subdivision | España |
| -- | Navarra |
| General subdivision | Publicaciones periódicas |
| 740 0# - | |
| -- | vLex Revista (Servicios en línea) |
| 843 ## - | |
| -- | Electrónica. Abierta |
| 853 ## - | |
| -- | 1 |
| -- | (year) |
| -- | (month) |
| -- | (day) |
| 856 4# - LOCALIZACIÓN Y ACCESO ELECTRÓNICO | |
| Identificador Uniforme del Recurso (URI/URL) | http://vlex.com/account/login_ip?fuente_id=298 |
| 942 ## - | |
| -- | RAA |
| 999 ## - | |
| -- | 160134 |
| -- | 160134 |
No hay ítems disponibles.